Score 0/14 Timer 02:00
0 Plays Today
Clue Answer % Correct
Superhero accessoryCAPE
98.2%
Not authenticFAKE
95.2%
QuickFAST
95.1%
Used to punchFIST
91.9%
Adhesive ribbonTAPE
90.5%
An adhesive fluidGLUE
89%
Italian car makerFIAT
87.4%
Clue Answer % Correct
'Never There' band'CAKE
86.6%
Two dimensionalFLAT
85.2%
Opinion's opposite?FACT
85%
The Earth has one, but so do youFACE
80.6%
Chimney componentFLUE
72.1%
Plant fiber used in spinningFLAX
50.4%
Change or flowFLUX
47.4%

Today's Daily Dose

Missing Word
I Hardly Know Her!

Word Ladder
Sentence Ending

Quick Pick
Female Firsts

Get the Picture
Triathlon Sports

Remove Ads.
Support Sporcle.
Get the best of Sporcle when you Go Orange. This ad-free experience offers more features, more stats, and more fun while also helping to support Sporcle. Thank you for becoming a member.

You're not logged in!

Compare scores with friends on all Sporcle quizzes.
OR
Log In

Show Comments

Extras

Top Quizzes Today


Score Distribution

Your Account Isn't Verified!

In order to create a playlist on Sporcle, you need to verify the email address you used during registration. Go to your Sporcle Settings to finish the process.

Report this User

Report this user for behavior that violates our Community Guidelines.

Details: